000 00294nam a2200109Ia 4500
008 171211s9999 xx 000 0 und d
020 _a9789719802044
100 _aSuba, Sally C.
245 _aBlood Chemistry 1 Laboratory Manual
260 _bC & E Publishing, Inc.
_c2014
300 _a185 pages
999 _c350831
_d350831